LEADER 01307nam0 2200361 450 001 000018763 005 20060803120851.0 010 $a88-420-6976-0 100 $a20060119d2003----km-y0itaa50------ba 101 0 $aita 102 $aIT 200 1 $aGuida alla scrittura istituzionale$fMichele A. Cortelazzo, Federica Pellegrino 200 1 $a1 $n0003267 210 $aRoma [etc.]$cLaterza$dc2003 215 $a146 p.$d21 cm 225 2 $aManuali Laterza$v183 410 1$12001$aManuali Laterza$v183 606 1 $aAtti amministrativi$xCompolazione 676 $a808.066$v(21. ed.)$9Letteratura professionale, tecnica, divulgativa 700 1$aCortelazzo,$bMichele A.$0156087 701 1$aPellegrino,$bFederica$0291129 801 0$aIT$bUniversità della Basilicata - B.I.A.$gRICA$2unimarc 912 $a000018763 996 $aGuida alla scrittura istituzionale$983722 997 $aUNIBAS BAS $aLETTERE CAT $aMDL$b30$c20060119$lBAS01$h1350 CAT $aMDL$b30$c20060119$lBAS01$h1357 CAT $aMDL$b00$c20060803$lBAS01$h1208 CAT $aATR$b40$c20070223$lBAS01$h1210 CAT $aBATCH$b00$c20070503$lBAS01$h1733 FMT Z30 -1$lBAS01$LBAS01$mBOOK$1BASA1$APolo Storico-Umanistico$2DID$BDidattica$3FP/103985$6103985$5L103985$820060119$f04$FPrestabile Didattica LEADER 01386nam0 22003133i 450 001 PUV0167450 005 20231121125609.0 100 $a20210309d1983 ||||0itac50 ba 101 | $aita 102 $ait 181 1$6z01$ai $bxxxe 182 1$6z01$an 200 1 $aScienza e cultura$eteoria e programmi di ricerca sociale$eatti del Convegno italiano di sociologia$eRoma, ottobre 1981$fdi M.S. Agnoli ... $ga cura di Filippo Barbano 210 $aMilano$cF. Angeli$dc1983 215 $a252 p$d22 cm 225 | $aScienza e società$v7 410 0$1001CFI0164564$12001 $aScienza e società$v7 606 $aConvegno italiano di sociologia <1. ; 1981 ;Roma>$xSociologia$xCongressi$x1981$2FIR$3RMLC412467$9I 676 $a301$9SOCIOLOGIA E ANTROPOLOGIA$v21 702 1$aBarbano$b, Filippo$3CFIV009419 710 12$aConvegno italiano di sociologia$d <1.$f ; 1981$e ; Roma>$3RAVV023965$4070$0425668 801 3$aIT$bIT-01$c20210309 850 $aIT-FR0017 899 $aBiblioteca umanistica Giorgio Aprea$bFR0017 $eN 912 $aPUV0167450 950 0$aBiblioteca umanistica Giorgio Aprea$d 52MAG 6/1573$e 52BUN0000134695 VMB RS $fA $h20210309$i20210309$d 52MAG 6/1573*$e 52SAS0000005145 VMB RS $fA $h20210309$i20210309 977 $a 52 996 $aScienza e cultura$965966 997 $aUNICAS